[Event "Euskadi-ch Seniors 28th"]
[Site "Zarautz"]
[Date "2018.06.23"]
[Round "6"]
[White "Moreno Romero, Ernesto"]
[Black "Gomez Calvo, Jose Ricardo"]
[Result "0-1"]
[WhiteElo "1558"]
[BlackElo "1932"]
[PlyCount "46"]
[EventDate "2018.06.23"]
[EventType "swiss"]
[EventRounds "6"]
[EventCountry "ESP"]
[SourceTitle "EXT 2021"]
[Source "ChessBase"]
[SourceDate "2020.10.23"]
[SourceVersion "1"]
[SourceVersionDate "2020.10.23"]
[SourceQuality "1"]

1. d4 d5 2. c4 e6 3. Nc3 Nf6 4. Nf3 Nbd7 5. Bf4 a6 6. cxd5 exd5 7. h3 Be7 8. e3 0-0 9. Bd3 Re8 10. g4 Nf8 11. Qc2 c6 12. Be5 b5 13. Nh2 Bb7 14. Bxf6 Bxf6 15. f4 Bxd4 16. Nf1 Bxe3 17. Nxe3 Rxe3+ 18. Kf2 d4 19. Ne2 Qh4+ 20. Kg1 c5 21. Rh2 c4 22. Bxc4 bxc4 23. Nxd4 Re1+ 0-1

[Event "San Sebastian op 40th"]
[Site "San Sebastian"]
[Date "2017.04.12"]
[Round "6"]
[White "Iglesias Ojeda, Fernando"]
[Black "Gomez Calvo, Jose Ricardo"]
[Result "1-0"]
[WhiteElo "2047"]
[BlackElo "1890"]
[PlyCount "101"]
[EventDate "2017.04.08"]
[EventType "swiss"]
[EventRounds "9"]
[EventCountry "ESP"]
[SourceTitle "CBM 177 Extra"]
[Source "ChessBase"]
[SourceDate "2017.04.27"]
[SourceVersion "1"]
[SourceVersionDate "2017.04.27"]
[SourceQuality "1"]

1. e4 b6 2. d4 Bb7 3. Nd2 e6 4. Ngf3 c5 5. Bd3 Nf6 6. 0-0 Be7 7. Qe2 0-0 8. e5 Ne8 9. dxc5 bxc5 10. Ne4 f5 11. exf6 Nxf6 12. Nfg5 h6 13. Nxf6+ Bxf6 14. Nh7 Nc6 15. Nxf8 Nd4 16. Qg4 Kxf8 17. c3 Nc6 18. Qe4 c4 19. Qxc4 d5 20. Qg4 Qe7 21. Bb5 a5 22. Bxc6 Bxc6 23. Re1 e5 24. f4 e4 25. Be3 Bd7 26. Qd1 Qe6 27. Bd4 Bh4 28. f5 Qf7 29. g3 Be7 30. Rf1 Bb5 31. Rf2 Bd6 32. Qg4 Kg8 33. Qg6 Qxg6 34. fxg6 Re8 35. Re1 Re6 36. Rf5 Bc6 37. c4 dxc4 38. Bc5 Rxg6 39. Bxd6 Rxd6 40. Rc5 Re6 41. Rxc4 e3 42. Rc3 e2 43. Kf2 Bb5 44. Re3 Rf6+ 45. Rf3 Rc6 46. Rc3 Rd6 47. a4 Ba6 48. Rc5 Rf6+ 49. Ke3 Re6+ 50. Kd2 Rd6+ 51. Kc1 1-0

[Event "Getxo op 1st"]
[Site "Getxo"]
[Date "2016.09.10"]
[Round "1.1"]
[White "Santos Latasa, Jaime"]
[Black "Gomez Calvo, Jose Ricardo"]
[Result "1-0"]
[WhiteElo "2569"]
[BlackElo "1894"]
[PlyCount "55"]
[EventDate "2016.09.10"]
[EventType "swiss"]
[EventCountry "ESP"]
[SourceTitle "EXT 2024"]
[Source "ChessBase"]
[SourceDate "2023.10.10"]
[SourceVersion "1"]
[SourceVersionDate "2023.10.10"]
[SourceQuality "1"]

1. c4 c6 2. Nf3 d5 3. e3 Nf6 4. Nc3 a6 5. b3 b5 6. Bb2 Bg4 7. h3 Bxf3 8. Qxf3 e6 9. g4 h6 10. h4 Be7 11. g5 hxg5 12. hxg5 Rxh1 13. Qxh1 Nfd7 14. g6 fxg6 15. Qg2 Nf8 16. Bd3 Kd7 17. cxd5 cxd5 18. Nxd5 Nc6 19. Rc1 Rc8 20. Nxe7 Qxe7 21. Be4 Nd8 22. Rxc8 Kxc8 23. Bxg6 Nd7 24. Bh5 g5 25. Qa8+ Nb8 26. Bf3 Qc7 27. Qe4 Nbc6 28. Bf6 1-0

[Event "Euskadi-chT (Vasca) Div 1st"]
[Site "Bergara"]
[Date "2016.??.??"]
[Round "3.5"]
[White "Hernandez Garcia, Maximo"]
[Black "Gomez Calvo, Jose Ricardo"]
[Result "1/2-1/2"]
[WhiteElo "2025"]
[BlackElo "1931"]
[PlyCount "206"]
[EventDate "2016.01.09"]
[EventType "team-tourn"]
[EventRounds "9"]
[EventCountry "ESP"]
[SourceTitle "EXT 2024"]
[Source "ChessBase"]
[SourceDate "2023.10.10"]
[SourceVersion "1"]
[SourceVersionDate "2023.10.10"]
[SourceQuality "1"]

1. e4 e6 2. Nf3 d5 3. e5 c5 4. b4 b6 5. bxc5 bxc5 6. c3 c4 7. d4 cxd3 8. Bxd3 Nc6 9. 0-0 Bc5 10. Na3 Nge7 11. Nb5 Ng6 12. Re1 a6 13. Nbd4 Bd7 14. Qe2 Qc8 15. h4 Nxd4 16. cxd4 Bb4 17. Bd2 Bxd2 18. Qxd2 Qd8 19. g3 Ne7 20. Rec1 h5 21. Rab1 g6 22. Ng5 Nf5 23. Bf1 0-0 24. Rb7 Rc8 25. Rcb1 Bb5 26. Bxb5 axb5 27. R7xb5 Rc4 28. Nf3 Qc8 29. R1b4 Rc2 30. Qg5 Rxa2 31. Rb1 Qc2 32. Rf1 Qe2 33. Qf4 Ra3 34. Ng5 Rd3 35. Rb4 Qd2 36. Qxd2 Rxd2 37. Nf3 Rd3 38. Kg2 Rc8 39. Ra1 Rdc3 40. Ra7 R8c7 41. Rxc7 Rxc7 42. Rb8+ Kg7 43. Rb4 Ra7 44. Kf1 Ra3 45. Ke2 Ra2+ 46. Nd2 Ra3 47. Nf3 Ra2+ 48. Kf1 Ra1+ 49. Kg2 Ra7 50. Ng5 Rc7 51. Kf1 Rc1+ 52. Ke2 Rc7 53. Kd3 Ra7 54. Rb3 Rc7 55. Rb6 Kg8 56. Rb8+ Kg7 57. Ra8 Ne7 58. Re8 Ra7 59. Rb8 Nf5 60. Rb3 Rc7 61. Rb4 Ra7 62. Kc3 Rc7+ 63. Kb3 Ra7 64. Nf3 Ne7 65. Rb6 Rc7 66. Ne1 Nf5 67. Rb4 Rc1 68. Nd3 Rb1+ 69. Kc3 Rxb4 70. Nxb4 Ne7 71. Nd3 Nc6 72. Nc5 Na5 73. Nd7 Nc6 74. Nf6 Kf8 75. f3 Ke7 76. g4 hxg4 77. fxg4 Kf8 78. Kd3 Kg7 79. Ne8+ Kf8 80. Nd6 Kg7 81. Ke3 Kg8 82. Nb5 Kg7 83. Kf4 Kh6 84. Nd6 Kg7 85. Ke3 Ne7 86. Kf4 Nc6 87. Nb5 Kh6 88. g5+ Kg7 89. Ke3 Ne7 90. Nd6 Kf8 91. Kf4 Nc6 92. Nb5 Ne7 93. Kg4 Nf5 94. h5 gxh5+ 95. Kxh5 Kg7 96. Kg4 Kg6 97. Kf4 Ne7 98. Na7 Kg7 99. Kf3 Kg6 100. Kg4 Nf5 101. Nc6 Ne3+ 102. Kf3 Nf5 103. Kf4 Kg7 1/2-1/2

[Event "Euskadi-chT (Vasca) Div 1st"]
[Site "Bergara"]
[Date "2014.02.15"]
[Round "6.1"]
[White "Marchena Hurtado, Ander"]
[Black "Gomez Calvo, Jose Ricardo"]
[Result "1/2-1/2"]
[WhiteElo "2045"]
[BlackElo "1922"]
[PlyCount "79"]
[EventDate "2014.01.11"]
[EventType "team-tourn"]
[EventRounds "9"]
[EventCountry "ESP"]
[SourceTitle "EXT 2024"]
[Source "ChessBase"]
[SourceDate "2023.10.10"]
[SourceVersion "1"]
[SourceVersionDate "2023.10.10"]
[SourceQuality "1"]

1. e4 e6 2. d4 d5 3. Nc3 Bb4 4. e5 Qd7 5. Bd2 b6 6. Nb5 Bf8 7. f4 c6 8. Nc3 Bb4 9. Nf3 Ne7 10. Bd3 Ba6 11. Bxa6 Nxa6 12. Qe2 Qb7 13. 0-0-0 Nc7 14. Kb1 Qa6 15. Qf2 Qb7 16. g4 g6 17. Ng5 h6 18. Nce4 dxe4 19. Nxe4 Ncd5 20. Bxb4 0-0 21. Bxe7 Nxe7 22. Rhg1 c5 23. Nf6+ Kg7 24. dxc5 Rad8 25. cxb6 axb6 26. Rd2 Rxd2 27. Qxd2 Qf3 28. Qd7 Nc6 29. Ne8+ Kh8 30. Nd6 Kg8 31. Ne8 Qf2 32. Rd1 Nb4 33. Nf6+ Kg7 34. Qd2 Qf3 35. a3 Nc6 36. Qd7 Rd8 37. Qxd8 Nxd8 38. Rxd8 Qf1+ 39. Ka2 Qc4+ 40. Kb1 1/2-1/2

[Event "Euskadi-ch"]
[Site "Zornotza"]
[Date "2012.04.11"]
[Round "3"]
[White "Perez Fernandez, Modesto C"]
[Black "Gomez Calvo, Jose Ricardo"]
[Result "1-0"]
[WhiteElo "2056"]
[BlackElo "1943"]
[PlyCount "69"]
[EventDate "2012.04.09"]
[EventType "swiss"]
[EventRounds "7"]
[EventCountry "ESP"]
[SourceTitle "CBM 147 Extra"]
[Source "ChessBase"]
[SourceDate "2012.04.24"]
[SourceVersion "1"]
[SourceVersionDate "2012.04.24"]
[SourceQuality "1"]

1. e4 e6 2. d4 d5 3. Nd2 h6 4. Ngf3 Nf6 5. Bd3 c5 6. exd5 Nxd5 7. dxc5 Bxc5 8. 0-0 Nc6 9. Ne4 Be7 10. c3 Qc7 11. Bc4 Nf6 12. Qe2 Bd7 13. Rd1 Ne5 14. Nxe5 Qxe5 15. Nxf6+ gxf6 16. Qxe5 fxe5 17. Re1 Bc6 18. Rxe5 0-0-0 19. Be3 Rdg8 20. g3 h5 21. Bxa7 h4 22. Bf1 hxg3 23. fxg3 Bd6 24. Re2 Bf3 25. Re3 Bc6 26. Bg2 Kc7 27. Bd4 Rh5 28. Bxc6 Kxc6 29. Rae1 Kd5 30. Rd3 Kc4 31. Red1 e5 32. b3+ Kb5 33. Bf2 Bc7 34. Rd5+ Kc6 35. Rc5+ 1-0